000 00947nam a2200289 a 4500
001 000048984
003 DO-SdBNP
005 20260601111909.0
007 ta
008 190528s2014 dr r 000 0 spa d
020 _a9789945496222
040 _aDO-SdBNP
_bspa
_cBNPHU
082 4 _a173
_bP795ro
_222
100 1 _aPonciano, Doris,
_d1959-
_968407
245 1 4 _aLos rostros de la infidelidad :
_bVolumen para hombres /
_cDoris Ponciano ; prólogo Ramón Saba ; ilustración Evelyn Yege.
260 _aSanto Domingo :
_bPrimada Digital,
_c2014.
300 _a83 p. ;
_c23 cm.
500 _aIncluye datos biográficos de la autora en las solapas
590 _aInventariado, 2019/MFF
650 0 _aInfidelidad
_91268
650 0 _aParejas
_9802
650 4 _aConducta (ética)
_989822
700 1 _aSaba, Ramón,
_epról.
_971165
700 1 _aYege, Evelyn,
_eil.
_976414
910 _aValidado. Control de calidad MFF
942 _2ddc
_cLBS1
999 _c48472
_d48472